000 005060000a22001570004500
090 _aAR
_b00297
245 1 0 _aRelationship among area, elevation and regional species richness in neotropical birds
650 1 4 _aInteracción ecológica
_93589
650 1 4 _aModelación ecológica
_93621
650 1 4 _aRiqueza de especies
_93326
651 4 _pAmérica del Sur
_992749
041 0 _aInglés
100 1 _aRahbek, Carsten
_993160
942 _cARTICULO
773 1 _tAmerican Naturalist
_3122
_h5
_q875-890
_d1997
_g149
999 _c9396
_d9396